Bezirke von Graz - Statistiken

Allgemein
  • Dieses Quiz wurde 260 mal gespielt
  • Das Durchschnittsergebnis liegt bei 12 aus 17
Antwortstatistiken
Hinweis Antwort % Korrekt
1.Bezirk Innere Stadt
88%
12.Bezirk Andritz
86%
17.Bezirk Puntigam
86%
6.Bezirk Jakomini
84%
5.Bezirk Gries
79%
7.Bezirk Liebenau
78%
4.Bezirk Lend
77%
14.Bezirk Eggenberg
74%
11.Bezirk Mariatrost
71%
8.Bezirk St. Peter
71%
3.Bezirk Geidorf
68%
13.Bezirk Gösting
68%
16.Bezirk Straßgang
68%
2.Bezirk St. Leonhard
62%
15.Bezirk Wetzelsdorf
62%
10.Bezirk Ries
59%
9.Bezirk Waltendorf
53%
Keine übereinstimmenden Quizze gefunden
Verteilung der Resultate
Anzahl Personen mit jedem Resultat
Perzentil nach korrekt beantworteten Fragen
Ihre Resultats-Entwicklung
Sie haben dieses Quiz noch nicht gespielt